Adversarial Machine Learning : Attack Surfaces, Defence Mechanisms, Learning Theories in Artificial Intelligence /

Salvato in:
Dettagli Bibliografici
Autori principali: Chivukula, Aneesh Sreevallabh (Autore), Yang, Xinghao (Autore), Liu, Bo (Autore), Liu, Wei (Autore), Zhou, Wanlei (Autore)
Natura: Libro
Lingua:inglese
Pubblicazione: Cham : Springer, 2023
Tags: Aggiungi Tag
Nessun Tag, puoi essere il primo ad aggiungerne!!

MARC

LEADER 00000nam a22000003a 4500
001 0106831
003 SK-STU
005 20231207111355.1
007 ta
008 231207s ----xo-----e------000-0-----d
020 |a 978-3-030-99771-7 
040 |a STU  |b slo 
041 0 |a eng 
044 |a sz 
100 1 |a Chivukula, Aneesh Sreevallabh  |4 aut  |r Z6 
245 1 0 |a Adversarial Machine Learning :  |b Attack Surfaces, Defence Mechanisms, Learning Theories in Artificial Intelligence /  |c aut. Aneesh Sreevallabh Chivukula, Xinghao Yang, Bo Liu, Wei Liu, Wanlei Zhou 
260 |a Cham :  |b Springer,  |c 2023 
300 |a 302 s. 
700 1 |a Yang, Xinghao  |r Z6  |4 aut 
700 1 |a Liu, Bo  |4 aut 
700 1 |a Liu, Wei  |4 aut 
700 1 |a Zhou, Wanlei  |r Z6  |4 aut 
996 |b 284EK90485  |c E* 90485  |l EE35  |s P  |a 0  |w 0106831_0001